[Event "GER-chT U14 Girls"]
[Site "Magdeburg"]
[Date "2014.06.29"]
[Round "7.4"]
[White "Baratonlieva, Elvana"]
[Black "Walow, Xenia"]
[Result "0-1"]
[WhiteElo "1030"]
[BlackElo "1352"]
[PlyCount "64"]
[EventDate "2013.12.27"]
[EventType "team-swiss"]
[EventRounds "4"]
[EventCountry "GER"]
[SourceTitle "EXT 2022"]
[Source "ChessBase"]
[SourceDate "2021.10.06"]
[SourceVersion "1"]
[SourceVersionDate "2021.10.06"]
[SourceQuality "1"]
[WhiteTeam "Langen"]
[BlackTeam "Paderborn"]
[WhiteTeamCountry "GER"]
[BlackTeamCountry "GER"]

1. d4 d5 2. g3 Nf6 3. Nf3 Bf5 4. Nbd2 e6 5. b3 Bd6 6. a3 Nbd7 7. Bg2 c6 8. c4 Qe7 9. c5 Bc7 10. b4 0-0 11. 0-0 e5 12. Nh4 Be6 13. e4 dxe4 14. Nxe4 exd4 15. Ng5 Rfe8 16. Re1 Rad8 17. Nhf3 a5 18. Qxd4 Ne5 19. Qc3 Nd5 20. Qc2 Nxf3+ 21. Bxf3 g6 22. Qb2 Qd7 23. Ne4 Bf5 24. Rb1 Be5 25. Qb3 axb4 26. axb4 Nc3 27. Rb2 Nxe4 28. Rbe2 Be6 29. Qc2 f5 30. Bxe4 fxe4 31. Bg5 Ra8 32. Qxe4 Bg7 0-1